00623 a2200157 45000010006000000050017000060080041000230030015000640400040000790800035001192450042001542640030001963000019002265050203002451000017004485966920260407155850.0260407a1966 arg spa dAR-UNSa-BCEJYS aAR-UNSa-BCEJYSbspacAR-UNSa-BCEJYS a330.34xDesarrollo Económico10aLa dinámica concreta del desarrollo 1aBarcelona :bHerderc1966 a557 p.c21 cm. a1. Noción del desarrollo y economía del desarrollo – 2. El desarrollo y la tensión. Necesidades – posibilidades – 3. Los arbitrajes – 4. Las operaciones y los organismos del desarrollo1 aLebret, L.J.